| 000 | 00418 a2200121 4500 | ||
|---|---|---|---|
| 020 | _a0632049251 | ||
| 082 | _a624.1821 DAV | ||
| 245 |
_aSteel designers' manual / _cthe Steel Construction Institute ; edited by Buick Davison, Graham W. Owens. |
||
| 250 | _a6th ed. | ||
| 260 |
_aOxford, UK ; _aMalden, MA : _bBlackwell Science, _c2003. |
||
| 300 |
_axxx, 1337 p. : _bill. ; _c26 cm. |
||
| 650 | _aBuilding, Iron and steel | ||
| 650 | _aSteel, Structural | ||
| 999 |
_c1299 _d1299 |
||